00737nam a2200181 i 4500001000700000003000900007005001700016007000300033008004100036100004700077245011800124260005400242300004000296651005600336852002200392999001900414952012200433138018ES-MaACL20230906195504.0t|070214s1972 sp af |||| | spa d1 aSánchez-León Herrera, Jesús.910272210aSierra Nevada y la Costa del Sol granadina b: a través de las Alpujarras / cJesús Sánchez-León Herrera. aGranada : b[s. n.], c1972 (fLitografía Anel) a234 p., 24 lám : bil. ; c22 cm. 4aGranada (Provincia)-vGuías turísticas.9168713 aES-MaACLjC-43752 c138018d138018 00104070aATENEOMbATENEOMcDEPO2d2008-01-17eSCl0oC-43752p1143620r2023-02-23 00:00:00w2023-02-23yMONOGRAFIA